000 00293nam a22001217a 4500
008 180515b xxu||||| |||| 00| 0 eng d
041 _aeng
080 _a043.3
100 _a0
101 _aMBE-MTH
245 _aMarketingu i destinacionit turistik: Rasti RUGOVA
_cShaqiri,L
942 _2udc
_cBK
999 _c45833
_d45833